| 000 | 01080nam a2200337 a 4500 | ||
|---|---|---|---|
| 999 |
_c10689 _d10689 |
||
| 001 | 1689 | ||
| 003 | BD-JhCC | ||
| 005 | 20180808095843.0 | ||
| 008 | 180808s2011 enkac b 001 d eng | ||
| 010 | _a 2011507125 | ||
| 020 | _a9781408152010 (pbk.) | ||
| 020 | _a9781408152010 | ||
| 035 | _a(BD-JhCC)10689 | ||
| 040 |
_aDLC _cDLC _dBD-JhCC |
||
| 042 | _apcc | ||
| 050 | 0 | 0 |
_aPR2755 _b.P76 2011 |
| 082 | 0 | 4 |
_a822.33 _222 _bSHA 2011 |
| 100 | 1 |
_aShakespeare, William, _d1564-1616. |
|
| 240 | 1 | 0 |
_aWorks. _f2011 |
| 245 | 1 | 4 |
_aThe Arden Shakespeare complete works / _cedited by Richard Proudfoot, Ann Thompson and David Scott Kastan. |
| 246 | 3 | 0 | _aShakespeare complete works |
| 250 | _aRev. ed. | ||
| 260 |
_aLondon : _bMethuen Drama, _c2011. |
||
| 300 |
_avii, 1373 p. : _bill., ports. ; _c26 cm. |
||
| 504 | _aIncludes bibliographical references (p. 1339-1343) and indexes. | ||
| 700 | 1 | _aProudfoot, G. R. | |
| 700 | 1 |
_aThompson, Ann, _d1947- |
|
| 700 | 1 | _aKastan, David Scott. | |
| 942 |
_2ddc _cREF |
||